Devān-i G̲h̲ālib (Record no. 7781)

000 -LEADER
fixed length control field 00587nam a22001457a 4500
082 ## - DEWEY DECIMAL CLASSIFICATION NUMBER
Classification number 891.4391
245 ## - TITLE STATEMENT
Title Devān-i G̲h̲ālib
Statement of responsibility Imtiyaz Ali Khan Arshi
250 ## - EDITION STATEMENT
Edition statement 1st
260 ## - PUBLICATION, DISTRIBUTION, ETC. (IMPRINT)
Place of publication Lahore
Name of publisher Maktaba Jadeed Press
Year of publication 1992
300 ## - PHYSICAL DESCRIPTION
Number of Pages viii, 572 Pages
Other physical details 18x24 cm
-- HB
505 ## - FORMATTED CONTENTS NOTE
Formatted contents note Include Errata and Index.
650 ## - SUBJECT ADDED ENTRY--TOPICAL TERM
Topical Term Urdu Literature - Pakistan
-- Urdu Literature - Pakistan - Devān-i G̲h̲ālib
-- Urdu Literature - Pakistan - Poetry
-- Urdu Literature - Pakistan - Dewan-e-Ghalib
-- Urdu Literature - Pakistan - Urdu Classics
700 ## - ADDED ENTRY--PERSONAL NAME
Personal name Edited by Arshi, Imtiyaz Ali Khan
942 ## - ADDED ENTRY ELEMENTS (KOHA)
Koha item type Books
Holdings
Withdrawn status Lost status Collection code Permanent Location Current Location Shelving location Date acquired Source of acquisition Cost, normal purchase price Full call number Accession Number Koha item type
    Non-fiction Garrison Public Library Multan Garrison Public Library Multan General Stacks 2016-12-30 MSL 250.00 891.4391 A781D 1992 20104 Books

Copyright © 2018. Powered by GPL Web Admin